Vec princípu a hra symbolov

Pohľad na vzťah Španielska k Maroku. Predmet sporu. História Maroka.

Guardado en:
Detalles Bibliográficos
Autor principal: Rejta, Štefan
Formato: Capítulo de libro
Lenguaje:eslovaco
Materias:
Etiquetas: Agregar Etiqueta
Sin Etiquetas, Sea el primero en etiquetar este registro!

MARC

LEADER 00000naa a2200000 4500
001 r045898
005 20230920074747.4
041 0 |a slo 
044 |a SK 
245 1 0 |a Vec princípu a hra symbolov  |c Štefan Rejta 
520 |a Pohľad na vzťah Španielska k Maroku. Predmet sporu. História Maroka. 
610 2 0 |a ruch cestovný 
610 2 0 |a Maroko 
610 2 0 |a Španielsko 
610 2 0 |a konflikty 
610 2 0 |a politika 
610 2 0 |a história 
100 1 |a Rejta, Štefan